Development of an early detection method white root disease of rubber: A preliminary investigation (Record no. 56980)
[ view plain ]
| 000 -LEADER | |
|---|---|
| fixed length control field | 01226nam a2200181Ia 4500 |
| 100 ## - MAIN ENTRY--AUTHOR NAME | |
| Personal name | Fernando THPS |
| 245 #0 - TITLE STATEMENT | |
| Title | Development of an early detection method white root disease of rubber: A preliminary investigation |
| 260 ## - PUBLICATION, DISTRIBUTION, ETC. (IMPRINT) | |
| Name of publisher | Journal of the Rubber Reaserch Institute of Sri Lanka |
| Year of publication | 2011 |
| 300 ## - PHYSICAL DESCRIPTION | |
| Number of Pages | 87-92 |
| 520 ## - SUMMARY, ETC. | |
| Summary, etc | White root disease is the most destructive root disease of rubber in Sri Lanka and the rubber growers are confronted with the problem of early detection of this disease. The present study was aimed at investigating the possible early detection techniques to increase the effectiveness of chemical control programmes. The artificial inoculation of the plants was faster with naturally infected root inocula than the artificially prepared inocula. Fourteen weeks after mulching, all the plants under investigation showed rhizomorph on the collar region. The rapid upward movement of the fungus in the presence of a mulch is shown to be useful for early detection of the white root disease. |
| 650 ## - SUBJECT ADDED ENTRY--TOPICAL TERM | |
| Topical Term | Early detection |
| 650 ## - SUBJECT ADDED ENTRY--TOPICAL TERM | |
| Topical Term | Mulching |
| 650 ## - SUBJECT ADDED ENTRY--TOPICAL TERM | |
| Topical Term | White root disease |
| 700 ## - ADDED ENTRY--PERSONAL NAME | |
| Personal name | Jayasinghe CK |
| 700 ## - ADDED ENTRY--PERSONAL NAME | |
| Personal name | Siriwardene D |
| 942 ## - ADDED ENTRY ELEMENTS (KOHA) | |
| Koha item type | Journals |
| Withdrawn status | Lost status | Damaged status | Not for loan | Home library | Current library | Shelving location | Date acquired | Serial Enumeration / chronology | Koha item type |
|---|---|---|---|---|---|---|---|---|---|
| Journals | RRII Library | RRII Library | Pathology | 01/01/2021 | Volume 91, Issue | Journals |